| 000 | 00389nam a2200157Ia 4500 | ||
|---|---|---|---|
| 008 | 210210b1949 xxu||||| |||| 00| 0 eng d | ||
| 041 | _aeng | ||
| 082 | _a824/74 | ||
| 100 | _aCHARLTON (H B) | ||
| 245 | _aShakespearean tragedy | ||
| 260 |
_aCambridge _bAt the University Press _c1949 |
||
| 650 | _atragedy | ||
| 650 | _aShakespearean | ||
| 690 | _aEnglish Criticism | ||
| 906 | _a014028 | ||
| 999 |
_c133111 _d133111 |
||